| 000 | 00766nam a2200241Ia 4500 | ||
|---|---|---|---|
| 003 | OSt | ||
| 005 | 20220923225654.0 | ||
| 006 | a|||||r|||| 00| 0 | ||
| 007 | ta | ||
| 008 | Pun | ||
| 024 | _a273,353 | ||
| 037 | _cTextual | ||
| 040 |
_aARTS _cARTS _bPun |
||
| 041 |
_2Pun _aPun |
||
| 082 | _aO153vN7, L6.3 | ||
| 100 | _aਸਿੰਘ, ਜੁਗਿੰਦਰ | ||
| 245 | 0 |
_aਆਧੁਨਿਕ ਪੰਜਾਬੀ ਸਾਹਿਤ ਦੀ ਰੂਪ ਰੇਖਾ _b 185 -197 |
|
| 260 |
_aਪਟਿਆਲਾ _b ਪੰਜਾਬੀ ਯੂਨੀਵਰਸਿਟੀ _c1976 |
||
| 300 |
_a162ਪੰ _ccm. |
||
| 650 | _aਪੰਜਾਬੀ ਸਾਹਿਤ | ||
| 942 |
_hO153vN7, L6.3 _cTEXL _2CC |
||
| 999 |
_c379775 _d379775 |
||